|
|
|
|
| LEADER |
00000nam0a2200000 4500 |
| 001 |
284360 |
| 005 |
20231101235704.0 |
| 035 |
|
|
|a (RuTPU)RU\TPU\book\308515
|
| 090 |
|
|
|a 284360
|
| 100 |
|
|
|a 20150213d1984 k y0rusy50 ca
|
| 101 |
0 |
|
|a rus
|
| 102 |
|
|
|a RU
|
| 105 |
|
|
|a a z 001zy
|
| 200 |
1 |
|
|a Исследование и разработка техники и технологии добычи угля на шахтах подмосковного бассейна
|e сборник научных трудов
|f Академия наук СССР (АН СССР), Институт горного дела им. А. А. Скочинского (ИГД) ; Подмосковный научно-исследовательский и проекно-конструкторский угольный институт (ПНИУИ) ; под ред. В. С. Момчилова
|
| 210 |
|
|
|a Тула
|c Изд-во ИГД
|d 1984
|
| 215 |
|
|
|a 126 с.
|c ил.
|
| 320 |
|
|
|a Библиография в конце статей
|
| 606 |
1 |
|
|a Месторождения полезных ископаемых
|x Разработка, подземная
|2 stltpush
|3 (RuTPU)RU\TPU\subj\67492
|9 83267
|
| 610 |
1 |
|
|a уголь
|
| 610 |
1 |
|
|a добыча
|
| 610 |
1 |
|
|a технология
|
| 610 |
1 |
|
|a угледобыча
|
| 610 |
1 |
|
|a технология
|
| 610 |
1 |
|
|a Подмосковный угольный бассейн
|
| 610 |
1 |
|
|a очистные работы
|
| 610 |
1 |
|
|a подготовительные работы
|
| 610 |
1 |
|
|a угольные пласты
|
| 610 |
1 |
|
|a шахтные поля
|
| 610 |
1 |
|
|a осушение
|
| 675 |
|
|
|a 622.272
|v 3
|
| 702 |
|
1 |
|a Момчилов
|b В. С.
|4 340
|
| 712 |
0 |
2 |
|a Академия наук СССР (АН СССР)
|b Институт горного дела им. А. А. Скочинского (ИГД)
|c (Люберцы)
|2 stltpush
|3 (RuTPU)RU\TPU\col\11351
|
| 712 |
0 |
2 |
|a Подмосковный научно-исследовательский и проекно-конструкторский угольный институт (ПНИУИ)
|c (Новомосковск, Тульская область)
|c (1937-2009)
|2 stltpush
|3 (RuTPU)RU\TPU\col\20472
|
| 801 |
|
1 |
|a RU
|b 63413507
|c 20150213
|
| 801 |
|
2 |
|a RU
|b 63413507
|c 20171010
|g RCR
|
| 942 |
|
|
|c BK
|